| 000 | | | 03617nmc2a2200000 x 450 |
| 001 | | | a51f7849-1790-4f79-8082-5143c5e9ead2 |
| 005 | | | 20160627195507.0 |
| 100 | ## | $a | 20151110l18371837k l0rusy0189 ca |
| 101 | 0# | $a | rus |
| 102 | ## | $a | RU |
| 200 | 1# | $a | Дело по отношению господина министра финансов, касательно перечисления недвижимых имений, переходящих от одного владельца к другому посредством продажи и прочее |
| | $j | 2 апреля - 23 мая 1837 г. |
| 251 | ## | $c | Дело |
| 300 | ## | $a | Дело |
| 801 | #0 | $a | RU |
| | $b | РГИА |
| | $c | 20151110 |
| | $g | RCR |
| 801 | #1 | $a | RU |
| | $b | ГлавНИВЦ |
| | $c | 20151110 |
| | $2 | rusmarc |
| 801 | #2 | $a | RU |
| | $b | ПБ им. Б.Н. Ельцина |
| | $c | 20160627 |
| | $g | RCR |
| | $2 | rusmarc |
| 850 | ## | $a | РГИА |
| 852 | ## | $a | РГИА |
| | $e | Федеральное казенное учреждение "Российский государственный исторический архив" (РГИА) |
| | $j | 452 |
| 937 | ## | $h | РГИА |
| | $d | 12179936 |
| | $a | ASBIBLIO_SCAN |
| 461 | #0 | $1 | 0013e300ed0-cd39-49af-8489-5ba5b90fa401 |
| | $1 | 2001 |
| | $a | Департамент полиции исполнительной МВД |
| | $1 | 251 |
| | $c | Фонд |
| | $1 | 852 |
| | $j | 1286 |
| 215 | ## | $a | 19 л. |
| | $d | 36,5х26 см |
| 371 | ## | $a | Документ не является опубликованным и широко распространяемым |
| 105 | ## | $a | y### |
| 122 | 2# | $a | d |
| 462 | #0 | $1 | 001cf8ff823-a729-4add-9722-5203028a801d |
| | $1 | 2001 |
| | $a | 1835-1837 гг. Дела Департамента полиции исполнительной МВД за 1837 г. |
| | $1 | 251 |
| | $c | Опись |
| | $1 | 852 |
| | $j | 6 |
| | $l | 1837 г. |
| 035 | ## | $a | a51f7849-1790-4f79-8082-5143c5e9ead2 |